| 000 | 00425 a2200145 4500 | ||
|---|---|---|---|
| 999 |
_c5101 _d5101 |
||
| 020 | _a0435750542 | ||
| 050 | _aNC 730 BEA 1984 | ||
| 100 |
_aBeasley, David _eauthor |
||
| 245 |
_aDesign presentation : _blayout and colouring techniques / _cDavid Beasley |
||
| 264 |
_aLondon: _bHeinemann Educational, _c1984 |
||
| 300 |
_a57p. : _bill.(some col.) |
||
| 500 | _aIncludes bib | ||
| 650 | _aDesign | ||
| 942 |
_2lcc _cBK _h730 _iBEA _kNC |
||